[Event "CHN-chT DivA"]
[Site "Fuling"]
[Date "2023.06.11"]
[Round "6.3"]
[White "Wen, Yang"]
[Black "Wang, Hao"]
[Result "0-1"]
[WhiteElo "2581"]
[BlackElo "2722"]
[PlyCount "48"]
[EventDate "2023.06.05"]
[EventType "team-tourn"]
[EventRounds "11"]
[EventCountry "CHN"]
[SourceTitle "CBM 214 Extra"]
[Source "ChessBase"]
[SourceDate "2023.07.31"]
[SourceVersion "1"]
[SourceVersionDate "2023.07.31"]
[SourceQuality "1"]
[WhiteTeam "Hangzhou Bank"]
[BlackTeam "Shenzhen Pengcheng"]
[WhiteTeamCountry "CHN"]
[BlackTeamCountry "CHN"]

1. e4 c5 2. Nf3 Nc6 3. Bb5 g6 4. 0-0 Bg7 5. Re1 e5 6. Bxc6 dxc6 7. a3 Qe7 8. b4 Nf6 9. bxc5 Qxc5 10. a4 Bg4 11. d3 Bxf3 12. Qxf3 Qxc2 13. Na3 Qc3 14. Bg5 Nh5 15. Nc4 0-0 16. Rab1 b6 17. Be7 Rfe8 18. Bb4 Qc2 19. Nd6 Rf8 20. a5 Nf4 21. Rbc1 Qb3 22. Bd2 Qxd3 23. Bxf4 Qxd6 24. Be3 c5 0-1

[Event "Shaoxing Hua Yi Rapid Cup 2nd"]
[Site "Shaoxing"]
[Date "2023.05.31"]
[Round "4.1"]
[White "Lu, Shanglei"]
[Black "Wang, Hao"]
[Result "0-1"]
[WhiteElo "2597"]
[BlackElo "2722"]
[PlyCount "66"]
[EventDate "2023.05.29"]
[EventType "k.o. (rapid)"]
[EventRounds "5"]
[EventCountry "CHN"]
[SourceTitle "CBM 214 Extra"]
[Source "ChessBase"]
[SourceDate "2023.07.31"]
[SourceVersion "1"]
[SourceVersionDate "2023.07.31"]
[SourceQuality "1"]

1. e4 c5 2. Nf3 e6 3. g3 Nc6 4. Bg2 Nf6 5. Nc3 d5 6. exd5 exd5 7. d4 Bg4 8. h3 cxd4 9. hxg4 dxc3 10. bxc3 Bc5 11. 0-0 0-0 12. Nd4 Ne4 13. Nf5 Re8 14. Bxe4 dxe4 15. Be3 Bxe3 16. Nxe3 h6 17. Rb1 b6 18. Rb5 Qf6 19. c4 Nd4 20. Rd5 Rad8 21. Rxd8 Rxd8 22. Nd5 Nf3+ 23. Kg2 Qg5 24. Rh1 Kh7 25. a4 Rd6 26. a5 Qxg4 27. axb6 axb6 28. Qe2 f5 29. Qe3 Ne5 30. Rh4 Nxc4 31. Qd4 Qf3+ 32. Kg1 e3 33. Rf4 Rxd5 0-1

[Event "Shaoxing Hua Yi Rapid Cup 2nd"]
[Site "Shaoxing"]
[Date "2023.05.31"]
[Round "4.3"]
[White "Lu, Shanglei"]
[Black "Wang, Hao"]
[Result "1/2-1/2"]
[WhiteElo "2597"]
[BlackElo "2722"]
[PlyCount "96"]
[EventDate "2023.05.29"]
[EventType "k.o. (rapid)"]
[EventRounds "5"]
[EventCountry "CHN"]
[SourceTitle "CBM 214 Extra"]
[Source "ChessBase"]
[SourceDate "2023.07.31"]
[SourceVersion "1"]
[SourceVersionDate "2023.07.31"]
[SourceQuality "1"]

1. e4 c5 2. Nf3 e6 3. c3 Nf6 4. e5 Nd5 5. d4 cxd4 6. cxd4 d6 7. Bc4 Nb6 8. Bd3 Nc6 9. Nc3 dxe5 10. dxe5 Nb4 11. Be4 Qxd1+ 12. Kxd1 N4d5 13. Nxd5 Nxd5 14. Be3 Be7 15. Rc1 0-0 16. Ke2 b6 17. Bxd5 exd5 18. Rhd1 Ba6+ 19. Ke1 Bb4+ 20. Bd2 Bc5 21. Bc3 Rfd8 22. b4 Bf8 23. Nd4 Bc4 24. a4 g5 25. Kd2 g4 26. Kc2 Bh6 27. Bd2 Bg7 28. Bf4 Rac8 29. Kd2 Bf8 30. b5 Bb4+ 31. Ke3 Bc5 32. Bg5 Re8 33. Kf4 h5 34. Bf6 Kh7 35. h3 Rg8 36. h4 Kg6 37. f3 Bxd4 38. Rxd4 Kh7 39. Bg5 gxf3 40. gxf3 Bb3 41. Rxc8 Re8 42. Rd8 Rxd8 43. Rd3 Rc8 44. Ke3 Ba2 45. a5 Kg6 46. Ra3 Bc4 47. axb6 Bxb5 48. Rb3 axb6 1/2-1/2

[Event "Shaoxing Hua Yi Rapid Cup 2nd"]
[Site "Shaoxing"]
[Date "2023.05.29"]
[Round "2.1"]
[White "Liu, Qingnan"]
[Black "Wang, Hao"]
[Result "0-1"]
[WhiteElo "2532"]
[BlackElo "2722"]
[PlyCount "44"]
[EventDate "2023.05.29"]
[EventType "k.o. (rapid)"]
[EventRounds "5"]
[EventCountry "CHN"]
[SourceTitle "CBM 214 Extra"]
[Source "ChessBase"]
[SourceDate "2023.07.31"]
[SourceVersion "1"]
[SourceVersionDate "2023.07.31"]
[SourceQuality "1"]

1. d4 Nf6 2. c4 e6 3. Nf3 d5 4. Nc3 Bb4 5. Qa4+ Nc6 6. e3 0-0 7. Qc2 Na5 8. c5 b6 9. a3 Bxc3+ 10. Qxc3 Ne4 11. Qc2 bxc5 12. dxc5 Qf6 13. Rb1 e5 14. Bd3 Bf5 15. 0-0 Nb3 16. Qxb3 Nxc5 17. Qxd5 Nxd3 18. e4 Rad8 19. Qc4 Bg4 20. Bg5 Qg6 21. Rbd1 Nxb2 22. Qxc7 Rxd1 0-1

[Event "Gashimov Memorial Blitz 8th"]
[Site "Baku"]
[Date "2022.12.23"]
[Round "13"]
[White "Shankland, Samuel L"]
[Black "Wang, Hao"]
[Result "1-0"]
[WhiteElo "2710"]
[BlackElo "2722"]
[PlyCount "61"]
[EventDate "2022.12.22"]
[EventType "tourn (blitz)"]
[EventRounds "18"]
[EventCountry "AZE"]
[EventCategory "18"]
[SourceTitle "CBM 211 Extra"]
[Source "ChessBase"]
[SourceDate "2023.01.31"]
[SourceVersion "1"]
[SourceVersionDate "2023.01.31"]
[SourceQuality "1"]

1. d4 Nf6 2. c4 e6 3. Nc3 d5 4. Nf3 c5 5. cxd5 Nxd5 6. e4 Nxc3 7. bxc3 cxd4 8. cxd4 Bb4+ 9. Bd2 Bxd2+ 10. Qxd2 0-0 11. Bc4 Nd7 12. 0-0 b6 13. d5 Nc5 14. Qd4 exd5 15. exd5 Qd6 16. Rfe1 Bd7 17. Ne5 Rae8 18. Re3 Re7 19. Rae1 Rfe8 20. h4 h6 21. h5 Ba4 22. Nxf7 Kxf7 23. Re6 Rxe6 24. dxe6+ Ke7 25. Qxg7+ Kd8 26. Qxh6 Qe7 27. Re3 Kc8 28. Qf4 Bc6 29. h6 Qh7 30. e7 Rxe7 31. Qf8+ 1-0

[Event "Gashimov Memorial Blitz 8th"]
[Site "Baku"]
[Date "2022.12.23"]
[Round "18"]
[White "Wang, Hao"]
[Black "Suleymanli, Aydin Elshan"]
[Result "1-0"]
[WhiteElo "2722"]
[BlackElo "2543"]
[PlyCount "111"]
[EventDate "2022.12.22"]
[EventType "tourn (blitz)"]
[EventRounds "18"]
[EventCountry "AZE"]
[EventCategory "18"]
[SourceTitle "CBM 211 Extra"]
[Source "ChessBase"]
[SourceDate "2023.01.31"]
[SourceVersion "1"]
[SourceVersionDate "2023.01.31"]
[SourceQuality "1"]

1. e4 c6 2. Nf3 d5 3. Nc3 dxe4 4. Nxe4 Nf6 5. Qe2 Nxe4 6. Qxe4 Qd5 7. Qh4 Bf5 8. Bc4 Qd6 9. c3 e6 10. d4 Be7 11. Qg3 Qxg3 12. hxg3 Nd7 13. a4 a6 14. a5 c5 15. d5 exd5 16. Bxd5 0-0-0 17. Bxf7 Bd3 18. Be3 Rhf8 19. Be6 Rf6 20. Bxd7+ Kxd7 21. Ne5+ Ke6 22. Nxd3 Rxd3 23. Rxh7 Kf7 24. Ke2 Rd5 25. Rh4 Re6 26. Rf4+ Ke8 27. Rg4 Bg5 28. Raa4 Rde5 29. Kd2 Bxe3+ 30. fxe3 g6 31. e4 g5 32. Ra1 Rf6 33. Ke3 Kf7 34. Rd1 Kg6 35. Rd5 Rfe6 36. Rd8 Kh5 37. Kf3 Rf6+ 38. Rf4 gxf4 39. gxf4 Re7 40. g4+ Kg6 41. f5+ Kf7 42. g5 Rc6 43. Kf4 Rcc7 44. f6 Red7 45. Rh8 Kg6 46. Rh6+ Kf7 47. Kf5 Kg8 48. g6 c4 49. g7 Rxg7 50. fxg7 Rc5+ 51. e5 Kxg7 52. Rb6 Rxa5 53. Rxb7+ Kf8 54. Kf6 Kg8 55. e6 Ra1 56. Rb8+ 1-0

[Event "Gashimov Memorial Blitz 8th"]
[Site "Baku"]
[Date "2022.12.22"]
[Round "3"]
[White "Wang, Hao"]
[Black "Mamedov, Rauf"]
[Result "1/2-1/2"]
[WhiteElo "2722"]
[BlackElo "2646"]
[PlyCount "79"]
[EventDate "2022.12.22"]
[EventType "tourn (blitz)"]
[EventRounds "18"]
[EventCountry "AZE"]
[EventCategory "18"]
[SourceTitle "CBM 211 Extra"]
[Source "ChessBase"]
[SourceDate "2023.01.31"]
[SourceVersion "1"]
[SourceVersionDate "2023.01.31"]
[SourceQuality "1"]

1. e4 c5 2. Nf3 Nc6 3. Bb5 g6 4. 0-0 Bg7 5. c3 Nf6 6. Re1 0-0 7. d4 d5 8. e5 Ne4 9. Bxc6 bxc6 10. Be3 Rb8 11. Qc1 cxd4 12. cxd4 f6 13. Nc3 Bf5 14. exf6 exf6 15. Nd2 Nxd2 16. Qxd2 Qa5 17. b3 Rfe8 18. Bf4 Rbc8 19. h4 Bf8 20. Na4 Bb4 21. Rxe8+ Rxe8 22. Qb2 Bd3 23. a3 Bf8 24. Be3 h5 25. Rd1 Bf5 26. Qc1 Qb5 27. Qb2 Rb8 28. Nc5 Bxc5 29. dxc5 Qxb3 30. Qa1 Kf7 31. Bd4 Qxd1+ 32. Qxd1 Rb1 33. Qxb1 Bxb1 34. f3 g5 35. g3 Bc2 36. Kf2 Bd1 37. Ke3 gxh4 38. gxh4 Ke6 39. Kf4 a6 40. Bc3 1/2-1/2

[Event "Gashimov Memorial Blitz 8th"]
[Site "Baku"]
[Date "2022.12.22"]
[Round "8"]
[White "Wang, Hao"]
[Black "Vallejo Pons, Francisco"]
[Result "1/2-1/2"]
[WhiteElo "2722"]
[BlackElo "2716"]
[PlyCount "66"]
[EventDate "2022.12.22"]
[EventType "tourn (blitz)"]
[EventRounds "18"]
[EventCountry "AZE"]
[EventCategory "18"]
[SourceTitle "CBM 211 Extra"]
[Source "ChessBase"]
[SourceDate "2023.01.31"]
[SourceVersion "1"]
[SourceVersionDate "2023.01.31"]
[SourceQuality "1"]

1. e4 e6 2. d4 d5 3. Nd2 dxe4 4. Nxe4 Nd7 5. Nf3 Ngf6 6. Bd3 Nxe4 7. Bxe4 Nf6 8. Bg5 c5 9. 0-0 Be7 10. Bxf6 gxf6 11. c3 0-0 12. Qe2 f5 13. Bc2 cxd4 14. Nxd4 Bf6 15. Rad1 Qc7 16. Rd3 Kh8 17. Rfd1 Rg8 18. Rg3 Bd7 19. Qh5 Bc6 20. Nxc6 bxc6 21. Rgd3 Rad8 22. g3 Kg7 23. Kf1 Rxd3 24. Rxd3 Rd8 25. g4 Rxd3 26. Bxd3 Qd6 27. Qh3 fxg4 28. Qxg4+ Kf8 29. Qh3 h5 30. Qf3 Ke7 31. h3 h4 32. Ke2 a5 33. Qe4 Qe5 1/2-1/2

[Event "Gashimov Memorial Rapid 8th"]
[Site "Baku"]
[Date "2022.12.20"]
[Round "9"]
[White "Suleymanli, Aydin Elshan"]
[Black "Wang, Hao"]
[Result "1/2-1/2"]
[WhiteElo "2543"]
[BlackElo "2722"]
[PlyCount "77"]
[EventDate "2022.12.18"]
[EventType "tourn (rapid)"]
[EventRounds "9"]
[EventCountry "AZE"]
[EventCategory "18"]
[SourceTitle "CBM 211 Extra"]
[Source "ChessBase"]
[SourceDate "2023.01.31"]
[SourceVersion "1"]
[SourceVersionDate "2023.01.31"]
[SourceQuality "1"]

1. c4 e6 2. Nc3 d5 3. d4 Nf6 4. cxd5 exd5 5. Bg5 c6 6. e3 Be7 7. Bd3 0-0 8. Nge2 h6 9. Bh4 Nh5 10. Bxe7 Qxe7 11. 0-0 Bg4 12. Qd2 Bxe2 13. Qxe2 g6 14. Rab1 a5 15. Rbe1 Nd7 16. e4 dxe4 17. Bxe4 Ndf6 18. Qd2 Qd6 19. Bf3 Qf4 20. Qxf4 Nxf4 21. Re7 Rfb8 22. g3 Ne6 23. d5 Kf8 24. d6 Nd4 25. Be4 Ne8 26. Rd1 Nxd6 27. Rd7 N4f5 28. Bxf5 Nxf5 29. Rc7 Rd8 30. Rxd8+ Rxd8 31. Rxb7 Rd2 32. Ne4 Re2 33. Nc3 Rc2 34. Ra7 Nd4 35. Kg2 Nb5 36. Nxb5 cxb5 37. Rxa5 Rxb2 38. a4 bxa4 39. Rxa4 1/2-1/2

[Event "Gashimov Memorial Rapid 8th"]
[Site "Baku"]
[Date "2022.12.19"]
[Round "5"]
[White "Abdusattorov, Nodirbek"]
[Black "Wang, Hao"]
[Result "1/2-1/2"]
[WhiteElo "2713"]
[BlackElo "2722"]
[PlyCount "174"]
[EventDate "2022.12.18"]
[EventType "tourn (rapid)"]
[EventRounds "9"]
[EventCountry "AZE"]
[EventCategory "18"]
[SourceTitle "CBM 211 Extra"]
[Source "ChessBase"]
[SourceDate "2023.01.31"]
[SourceVersion "1"]
[SourceVersionDate "2023.01.31"]
[SourceQuality "1"]

1. e4 c5 2. Nf3 e6 3. c3 Nf6 4. e5 Nd5 5. d4 cxd4 6. cxd4 b6 7. Bb5 Be7 8. Nc3 Nxc3 9. bxc3 Bb7 10. h4 a6 11. Bd3 d6 12. Bf4 Qc7 13. Rh3 Nd7 14. Kf1 dxe5 15. Nxe5 Bd6 16. Qe2 Bxe5 17. dxe5 Nc5 18. Bc2 0-0-0 19. Rb1 f5 20. Be3 Qxe5 21. Rxb6 f4 22. Rxb7 Nxb7 23. Qc4+ Qc7 24. Qxc7+ Kxc7 25. Bxf4+ Kc8 26. Re3 Nc5 27. Re5 Nd3 28. Bxd3 Rxd3 29. Rxe6 Rxc3 30. Rxa6 Kd7 31. Ra7+ Ke6 32. Rxg7 Ra3 33. h5 Rxa2 34. g4 Rf8 35. Be3 Rf7 36. Rg8 Rd7 37. Kg2 Kf7 38. Rh8 Kg7 39. Rb8 Ra6 40. Kg3 h6 41. Bc1 Rd3+ 42. Be3 Rd7 43. Rb3 Rc6 44. f3 Kf7 45. Bf4 Re6 46. Rb5 Rde7 47. Bc1 Rc6 48. Rf5+ Kg8 49. Bb2 Rb7 50. Bd4 Rd7 51. Rf4 Rc4 52. Be3 Rxf4 53. Bxf4 Kh7 54. Be5 Rd3 55. Kf4 Rb3 56. Ke4 Rb1 57. f4 Rh1 58. Kf5 Rh4 59. Bf6 Rh1 60. Ke6 Kg8 61. Bd8 Rd1 62. Bc7 Rh1 63. Be5 Rh4 64. Kf5 Kf7 65. Bd4 Rh1 66. Ke4 Re1+ 67. Be3 Rh1 68. Bd4 Re1+ 69. Kf3 Rd1 70. Be5 Rh1 71. Kg2 Rh4 72. Kg3 Rh1 73. Bd4 Rd1 74. Be3 Rh1 75. Bf2 Ke6 76. Kg2 Rd1 77. Bc5 Kf7 78. g5 Rd5 79. Be3 Ke6 80. Kf3 Kf5 81. g6 Rd7 82. Bc5 Rd3+ 83. Ke2 Rg3 84. Bf8 Rh3 85. Bxh6 Kf6 86. Bg5+ Kg7 87. h6+ Kxg6 1/2-1/2

[Event "Gashimov Memorial Rapid 8th"]
[Site "Baku"]
[Date "2022.12.18"]
[Round "1"]
[White "Wang, Hao"]
[Black "Mamedyarov, Shakhriyar"]
[Result "1/2-1/2"]
[WhiteElo "2722"]
[BlackElo "2740"]
[PlyCount "46"]
[EventDate "2022.12.18"]
[EventType "tourn (rapid)"]
[EventRounds "9"]
[EventCountry "AZE"]
[EventCategory "18"]
[SourceTitle "CBM 211 Extra"]
[Source "ChessBase"]
[SourceDate "2023.01.31"]
[SourceVersion "1"]
[SourceVersionDate "2023.01.31"]
[SourceQuality "1"]

1. e4 e5 2. Nf3 Nc6 3. Bb5 a6 4. Ba4 Nf6 5. 0-0 Nxe4 6. d4 b5 7. Bb3 d5 8. dxe5 Be6 9. Nbd2 Nc5 10. c3 d4 11. Bxe6 Nxe6 12. cxd4 Ncxd4 13. a4 Rb8 14. axb5 axb5 15. Nb3 Nxb3 16. Qxb3 Bc5 17. Be3 Bxe3 18. Qxe3 0-0 19. Rfd1 Qe7 20. Nd4 Nxd4 21. Rxd4 Rfd8 22. Rad1 h6 23. f4 Rxd4 1/2-1/2

[Event "Shusha Blitz"]
[Site "Shusha"]
[Date "2022.09.24"]
[Round "8"]
[White "Guseinov, Gadir"]
[Black "Wang, Hao"]
[Result "1/2-1/2"]
[WhiteElo "2661"]
[BlackElo "2722"]
[PlyCount "132"]
[EventDate "2022.09.24"]
[EventType "tourn (blitz)"]
[EventRounds "18"]
[EventCountry "AZE"]
[EventCategory "18"]
[SourceTitle "CBM 210 Extra"]
[Source "ChessBase"]
[SourceDate "2022.11.30"]
[SourceVersion "1"]
[SourceVersionDate "2022.11.30"]
[SourceQuality "1"]

1. e4 c5 2. Nc3 d6 3. Bb5+ Bd7 4. Bxd7+ Qxd7 5. d4 cxd4 6. Qxd4 Nc6 7. Qd3 g6 8. Nf3 Bg7 9. 0-0 Nf6 10. Nd5 0-0 11. Bg5 Nxd5 12. exd5 Ne5 13. Nxe5 dxe5 14. c4 b6 15. Rfd1 f5 16. d6 exd6 17. Qxd6 Qxd6 18. Rxd6 e4 19. Rb1 h6 20. Be3 f4 21. Bd2 g5 22. b4 Rad8 23. Rxd8 Rxd8 24. Be1 Kf7 25. Kf1 Ke6 26. f3 e3 27. Ke2 Bd4 28. Rd1 Rd6 29. h4 Ke5 30. Rd3 gxh4 31. Bxh4 Rg6 32. Kf1 e2+ 33. Kxe2 Rxg2+ 34. Kf1 Rxa2 35. Bf6+ Kxf6 36. Rxd4 Kg5 37. Rd7 Kh4 38. Rg7 h5 39. c5 bxc5 40. bxc5 a5 41. c6 Rc2 42. Ra7 Kg3 43. Rxa5 h4 44. Rg5+ Kxf3 45. Kg1 Rxc6 46. Ra5 Rc2 47. Ra3+ Kg4 48. Ra8 h3 49. Ra3 Re2 50. Rb3 Re3 51. Rb8 Kf3 52. Rf8 Re4 53. Ra8 Re1+ 54. Kh2 Kf2 55. Ra2+ Re2 56. Ra1 f3 57. Kxh3 Rb2 58. Kh2 Ke3+ 59. Kg3 Rg2+ 60. Kh3 Rg8 61. Ra3+ Kf4 62. Ra4+ Ke3 63. Ra3+ Ke4 64. Ra4+ Ke5 65. Ra5+ Ke4 66. Ra4+ Ke5 1/2-1/2